| 000 | 00384nam a22001577a 4500 | ||
|---|---|---|---|
| 003 | NUST | ||
| 020 | _a9789694487878 | ||
| 038 | _awaseem | ||
| 082 |
_a551.46 _bRAO |
||
| 100 |
_aRao, Iftikhar Ahmed _988649 |
||
| 245 |
_aElements of Blue Economy / _cIftikhar Ahmed Rao |
||
| 260 |
_aIslamabad: _bIPS Press, _c2020. |
||
| 300 |
_a288p. ; _c21 cm. |
||
| 563 | _aPBK. | ||
| 942 |
_2ddc _cBK |
||
| 999 |
_c587720 _d587720 |
||